Statistics for Dubai Metro and tram stations

Click here to take the quiz!

General Stats

  • This quiz has been taken 28 times
    (16 since last reset)
  • The average score is 29 of 66

Answer Stats

HintAnswer% Correct
RedBurj Khalifa / Dubai Mall
91%
Red (Expo)Expo 2020/
Expo
82%
RedMall of the Emirates
73%
GreenBurjuman
64%
RedBurjuman
64%
RedBusiness Bay
64%
RedDAMAC Properties/
Dubai Marina/
SOBHA Realty
64%
RedDubai Airport Terminal 1
64%
RedEmirates
64%
GreenEtisalat
64%
RedFinancial Centre
64%
GreenPalm Deira/
Gold Souq
64%
OrangePalm Jumeirah
64%
RedRashidiya/Centrepoint
64%
RedWorld Trade Centre
64%
RedADCB/Al Karama
55%
GreenAl Fahidi/
Sharaf DG
55%
RedAl Khail/Nakheel
55%
GreenCreek
55%
RedDubai Airport Terminal 3
55%
RedEmirates Towers
55%
RedNoor Bank/Al Safa
55%
RedSharaf DG/Mashreq
55%
GreenStadium
55%
Red (Branch Line)UAE Exchange
55%
GreenUnion
55%
RedUnion
55%
RedAl Jafiliya/Max
45%
GreenAl Nahda
45%
RedAl Rigga
45%
RedDeira City Center
45%
Red (Expo)Discovery Gardens
45%
GreenDubai Airport Free Zone
45%
OrangeDubai Marina
45%
Red (Branch Line)Ibn Battuta
45%
RedJumeirah Lakes Towers/
DMCC
45%
RedNakheel Harbour and Tower/
Jabal Ali
45%
Red (Expo)The Gardens
45%
GreenAbubaker Al Siddique
36%
GreenAbu Hail
36%
Red (Expo)Al Furjan
36%
GreenAl Ghubaiba
36%
GreenAl Qiyadah
36%
GreenDubai Healthcare City
36%
RedDubai Internet City
36%
Red (Branch Line)Energy
36%
RedFirst Abu Dhabi Bank/
First Gulf Bank/
Umm Al Sheif
36%
GreenOud Metha
36%
GreenAl Jaddaf
27%
GreenAl Ras
27%
OrangeAl Sufouh
27%
Red (Branch Line)Danube
27%
Red (Expo)Dubai Investment Park
27%
OrangeDubai Marina Mall
27%
RedGGICO
27%
Red (Expo)Jumeirah Golf Estates
27%
OrangeMina Seyahi
27%
GreenSalah Al Din
27%
GreenAl Qusais
18%
GreenBaniyas Square
18%
OrangeJumeirah Beach Residence 1
18%
OrangeJumeirah Beach Residence 2
18%
OrangeJumeirah Lakes Towers
18%
OrangeKnowledge Village
18%
OrangeMarina Towers
18%
OrangeMedia City
18%

Score Distribution

Percentile by Number Answered

Percent of People with Each Score

Your Score History

You have not taken this quiz since the last reset